出没アド街ック天国の2位から街を当てる〜山手線編〜 - Statistics

General Stats
  • This quiz has been taken 67 times
  • The average score is 11 of 30
Answer Stats
Hint Answer % Correct
SL広場 新橋
92%
竹下通り 原宿
91%
東京国立博物館 上野(上野公園)
85%
○○ゼミナール 代々木
81%
地蔵通り商店街 巣鴨
75%
早稲田松竹 高田馬場
75%
大丸東京店 東京
74%
さんま祭り 目黒
66%
開成学園 西日暮里
58%
東京交通会館 有楽町
57%
○○UDX 秋葉原
51%
世界貿易センタービル 浜松町
51%
蕎麦の名店 神田
23%
サンモール○○商店街 大塚
23%
薩摩藩ゆかりの地 田町(芝)
23%
6つの商店街 駒込
15%
超焼肉激戦区 恵比寿
15%
ソニーの礎 大崎
15%
グランド・セントラル・オイスター・バー&レストラン 品川
15%
キユーピー 渋谷(宮下公園)
13%
歴史ある専門店 御徒町(新御徒町)
11%
羽二重団子 日暮里
11%
栄町通り&美久仁小路 池袋(池袋東口)
11%
高松宮さまが愛した街 高輪(魚籃坂)
11%
○○バレー 五反田
9%
豆富料理 笹乃雪 鶯谷
6%
日立○○クラブ 目白
6%
東覚寺 田端
4%
美味しい老舗 新宿(新宿三丁目)
4%
○○商店街振興組合 新大久保
2%
No matching quizzes found
Score Distribution
Percent of People with Each Score
Percentile by Number Answered
Your Score History
You have not taken this quiz